WA MLAs - Statistics

General Stats
  • This quiz has been taken 21 times
    4 since last reset
  • The average score is 44 of 59
Answers on the Map
Answers color-coded by a green-red scale on the quiz's map according to % correct below.
 
Answer Stats
Seat MLA Party % Correct
40 Amber-Jade Sanderson ALP
100%
15 Basil Zempilas LIB
100%
7 Bevan Eatts NAT
100%
31 Caitlin Collins ALP
100%
32 Divina D'Anna ALP
100%
25 Frank Paolino ALP
100%
56 Geoff Baker ALP
100%
41 Hannah Beazley ALP
100%
49 Jessica Stojkovski ALP
100%
42 John Carey ALP
100%
57 Kevin Michel ALP
100%
6 Liam Staltari LIB
100%
16 Libby Mettam LIB
100%
39 Meredith Hammat ALP
100%
47 Paul Papalia ALP
100%
13 Peter Rundle NAT
100%
45 Rita Saffioti ALP
100%
44 Roger Cook ALP
100%
12 Sandra Brewer LIB
100%
8 Scott Leary NAT
100%
14 Shane Love NAT
100%
48 Tony Buti ALP
100%
18 Yaz Mubarakai ALP
100%
30 Ali Kent ALP
75%
43 David Michael ALP
75%
51 David Scaife ALP
75%
55 Hugh Jones ALP
75%
58 Jags Krishnan ALP
75%
10 Lachlan Hunter NAT
75%
60 Lisa Munday ALP
75%
52 Lisa O'Malley ALP
75%
53 Magenta Marshall ALP
75%
38 Reece Whitby ALP
75%
46 Simone McGurk ALP
75%
23 Stephen Pratt ALP
75%
29 Steve Catania ALP
75%
59 Stuart Aubrey ALP
75%
35 Terry Healy ALP
75%
11 Adam Hort LIB
50%
17 Cassie Rowe ALP
50%
22 Colleen Egan ALP
50%
21 Dan Bull ALP
50%
33 Daniel Pastorelli ALP
50%
62 Dave Kelly ALP
50%
4 David Bolt LIB
50%
36 Don Punch ALP
50%
50 Jodie Hanns ALP
50%
19 Kim Giddens ALP
50%
9 Kirrilee Warr NAT
50%
34 Lorna Clarke ALP
50%
26 Rhys Williams ALP
50%
28 Ron Sao ALP
50%
37 Sabine Winton ALP
50%
27 Sook Yee Lai ALP
50%
SP Stephen Price ALP
50%
54 Emily Hamilton ALP
25%
5 Jonathan Huston LIB
25%
61 Mark Folkard ALP
25%
20 Michelle Maynard ALP
25%
No matching quizzes found
Score Distribution
Percent of People with Each Score
Percentile by Number Answered
Your Score History
You have not taken this quiz since the last reset